| 000 | 00551nam a2200217 a 4500 | ||
|---|---|---|---|
| 999 |
_c5760 _d5760 |
||
| 001 | 5760 | ||
| 003 | BD-JhCC | ||
| 005 | 20171220200747.0 | ||
| 008 | 171220s1965 e |||| ||a| 000 0 eng d | ||
| 035 | _a(BD-JhCC) 5760 | ||
| 040 |
_aBD-JhCC _dBD-JhCC |
||
| 041 | _aeng | ||
| 082 |
_a428 _bBRI 1965 |
||
| 100 | _aBRIGHT, J.A. | ||
| 245 |
_aEnglish Composition Course for Overseas Students / _cJ.A. BRIGHT |
||
| 260 |
_aLondon : _bLONGMANS , _c1965 |
||
| 300 |
_a140 p.: _c17 cm . |
||
| 650 | _aEnglish Language | ||
| 942 |
_2ddc _cBK |
||